000
00282nam a22001337a 4500
008
181101b xxu||||| |||| 00| 0 eng d
020
_a
671324
041
_a
eng
080
_a
573
100
_a
11
101
_a
BIO
245
_a
Elements of Biology
_c
Dodge, R.A
942
_2
udc
_c
BK
999
_c
51535
_d
51535